00855nas a2200229Ia 4500001001600000003001000016008004100026040002500067041001300092100002100105210001600126222001600142245011000158250001100268260000900279501012300288300001500411362001600426500015000442650002200592700001100614A07/R079-42538 IT-MiCISF161014c99999999xx |||||||||||| ||und|| aIT-MiCISFcIT-MiCISF aITALIANO aDonati Pierpaolo aAnthropotes aAnthropotes 0aL'identità maschile e femminile: distinzioni e relazioni per una società a misura della persona umana a1a ed. c2005 bCISF - Centro Internazionale Studi Famiglia - Via Giotto, 36 20145 MILANO (non commercial uses only)cCopyright 2016 app. 71-103 an. 1 [2005] a Tema: persona, sociologia, identità-maschile, identità-femminile, identità-sessuale, rapporti-uomo-donna, ruoli-familiari, socializzazione apersonavarticolo aAA.VV.